Definitive Guide To Linux Network Programming (Record no. 344893)

MARC details
000 -LEADER
fixed length control field 00483nam a2200169Ia 4500
008 - FIXED-LENGTH DATA ELEMENTS--GENERAL INFORMATION
fixed length control field 230718s9999 xx 000 0 und d
020 ## - INTERNATIONAL STANDARD BOOK NUMBER
International Standard Book Number 9788181285980
041 ## - LANGUAGE CODE
Language code of text/sound track or separate title eng
082 ## - DEWEY DECIMAL CLASSIFICATION NUMBER
Classification number 005.432
Item number DAV
100 ## - MAIN ENTRY--PERSONAL NAME
Personal name Davis K.
9 (RLIN) 145952
245 ## - TITLE STATEMENT
Title Definitive Guide To Linux Network Programming
260 ## - PUBLICATION, DISTRIBUTION, ETC. (IMPRINT)
Date of publication, distribution, etc. 2007
Name of publisher, distributor, etc. Springer
300 ## - PHYSICAL DESCRIPTION
Extent 375
365 ## - TRADE PRICE
Currency code Rs.
Price amount 450.00
700 ## - ADDED ENTRY--PERSONAL NAME
Personal name Davis K.; Turner J. & Yocom N.
9 (RLIN) 200151
906 ## - LOCAL DATA ELEMENT F, LDF (RLIN)
d O:0558605-Jul-2017B:IN9407-Jun-2017
c COMP
b 112.5
Holdings
Withdrawn status Lost status Damaged status Not for loan Home library Current library Date acquired Vendor Budget Code Cost, normal purchase price Bill number Total Checkouts Full call number Barcode Date last seen Discount Cost, replacement price Bill Date Koha item type Original Barcode
        Cummins College of Engineering for Women Pune Cummins College of Engineering for Women Pune 05/07/2017 Pradeep Book Distributors COMP 337.50 IN94   005.432 CCEP-BK-56100 18/07/2023 112.5 450.00 07/06/2017 Books 056100